Statistics for Six Letter Geography #4

Click here to take the quiz!

General Stats

  • This quiz has been taken 2,915 times
  • The average score is 18 of 22

Answer Stats

DescriptionAnswer% Correct
The world's largest non-polar desertSahara
99%
England's oldest universityOxford
95%
Country nestled in the HimalayasBhutan
92%
Country regarded by Serbia as a breakaway provinceKosovo
91%
City where Mozart died in 1791Vienna
89%
State between Missouri and ColoradoKansas
87%
Largest French-speaking city in Switzerland
Geneva
85%
Major city located about 25 km northwest of PompeiNaples
85%
Luanda is its capitalAngola
83%
Portuguese island chain located 1400 km west of Portugal
Azores
83%
The largest one of these is found in Mecca and can hold 4 million peopleMosque
83%
Its flag includes 27 stars and the words "Ordem e Progresso"
Brazil
82%
French city which lies closest to EnglandCalais
82%
Country where you'd find the Peloponnese peninsulaGreece
82%
Major metropolis on the island of LuzonManila
82%
Pacific atoll where nuclear weapons were testedBikini
81%
Historically African-American neighborhood in ManhattanHarlem
80%
Indigenous religion of JapanShinto
78%
Currency of Hong Kong and Taiwan among many othersDollar
76%
City in Turkey which shares its name with a well-known superhero
Batman
71%
Capital city formerly known as AngoraAnkara
67%
Capital of ChechnyaGrozny
41%

Score Distribution

Percentile by Number Answered

Percent of People with Each Score

Your Score History

You have not taken this quiz